Tekst piosenki Pięknie żyć - Statystyki

Ogólne statystyki
  • Ten quiz został rozwiązany 21 razy
  • Średni wynik to 10 z 15
Statystyki odpowiedzi
Tekst Słowa % Poprawnych
REF. Pięknie żyć znaczy ______ świat Kochać
100%
Pięknie żyć tak jak żyje ____ Ptak
100%
A ziemii życzyć naj jak najdłuższych ___ Lat
93%
1. Chcesz wiedzieć skąd ten _____ z jakich gwiazd tu spadł Świat
86%
Wciąż pytasz ____ A ja nie wiem prawie nic Mnie
79%
Może tylko tyle że tak pięknie ___ Żyć
79%
Skąd się wziął _______ ja i ptak Księżyc
71%
Pięknie żyć _______ taj jak wiatr Tańczyć
64%
Gdzie i jak ty __________ mi Podpowiesz
57%
Masz serce tak jak ja czujesz jego rytm serce __________ że tak pięknie żyć REF Podpowiada
50%
2. Chcesz znaleźć ____ i śnić najwspanialsze sny Skarb
50%
3. Chcesz wiedzieć gdzie twój ______ kiedy smutno Ci Śmiech
50%
Jeśli mi _________ że tak pięknie żyć. REF. Uwierzysz
50%
Gdzie ten klucz do _______ drzwi Zagadek
43%
Jawa jak sen jak ____ czarodziejska nić Baśń
36%
Nie znaleziono quizów pasujących do podanych kryteriów
Rozkład punktacji
Procent ludzi z każdym wynikiem
Percentyl według liczby udzielonych odpowiedzi
Twoja historia wyników
Nie rozwiązałeś tego quizu